000 00494nam a2200181Ia 4500
008 240925s9999 xx 000 0 und d
020 _a130141577
082 _a519.5 MCC
100 _aMcClave ,James T.; Sincich, Terry
245 2 _aA First Course in Statistics
250 _a7th
260 _aNew Jersey:
_bPrintice- Hall Int.
_c,1998.
300 _axii,1019p.
_bNA
_fOriginal
500 _aIncludes Index
600 _aHumanities & Natural Science
650 _aMathematics
942 _cBK
999 _c4962
_d4962